00372nam a2200121 a 450000100100000000500170001000800410002704000250006808200140009324500550010726000620016230000260022400004780720201002060741.0180810s2004 dr a 000 spa d aDO-SdBNPbspacBNPHU axxxbG924 0aGuerra de abril 1965 :b50 aniversario abril 1965. aSanto Domingo :bArchivo General de la Nación,c[s.f.]. a36 p. :bil ;c19 cm.